| 000 | 01052pam a2200313 a 4500 | ||
|---|---|---|---|
| 001 | 3904229 | ||
| 003 | OSt | ||
| 005 | 20211026155024.0 | ||
| 008 | 910416s1992 nyua b 001 0 eng | ||
| 010 | _a 91003840 | ||
| 020 |
_a0079093698 : _c$49.95 |
||
| 038 | _aKhadija | ||
| 040 |
_aDLC _cDLC _dDLC |
||
| 050 | 0 | 0 |
_aTJ265 _b.H726 1992 |
| 082 | 0 | 0 |
_a621.402 _220 _bHOW |
| 100 | 1 |
_aHowell, John R. _91539 |
|
| 245 | 1 | 0 |
_aFundamentals of Engineering Thermodynamics / _cJohn R. Howell, Richard O. Buckius. |
| 250 | _a2nd ed. | ||
| 260 |
_aNew York : _bMcGraw-Hill, _cc1992. |
||
| 300 |
_axxvii, 1033 p. : _bill. (some col.) ; _c24 cm. |
||
| 440 | 0 |
_aMcGraw-Hill series in mechanical engineering _93283 |
|
| 504 | _aIncludes bibliographical references and index. | ||
| 563 | _aHardcover | ||
| 650 | 0 |
_aThermodynamics. _97134 |
|
| 700 | 1 |
_aBuckius, Richard O. _983400 |
|
| 906 |
_a7 _bcbc _corignew _d1 _eocip _f19 _gy-gencatlg |
||
| 942 |
_2ddc _cBK |
||
| 999 |
_c31758 _d31758 |
||